Football : Nombre de participation des clubs FR en coupe d'Europe - Statistiques

Statistiques générales
  • Ce quiz a été pris 81 fois
  • Le résultat moyen est 24 sur 32
Statistiques - réponses
Nombre de participations en coupe d'Europe Club % Correct
38 Lyon
100%
37 Marseille
100%
33 Paris
100%
37 Monaco
99%
31 Bordeaux
96%
22 Nantes
93%
6 Toulouse
93%
5 Reims
91%
22 Saint-Étienne
91%
17 Lens
90%
12 Rennes
90%
8 Strasbourg
90%
18 Lille
88%
12 Nice
88%
1 Brest
87%
18 Auxerre
81%
6 Montpellier
81%
7 Metz
80%
1 Caen
71%
3 Nancy
70%
9 Sochaux
70%
3 Guingamp
68%
1 Troyes
62%
1 Lorient
61%
1 Angers
58%
4 Bastia
58%
3 Nîmes
55%
2 Sedan
51%
2 Cannes
42%
1 Laval
30%
1 Gueugnon
25%
1 Châteauroux
20%
Aucun quiz correspondant
Distribution des résultats
% des personnes avec chaque résultat
Percentile par nombre de réponses
Votre historique - résultats
Vous n’avez pas pris ce quiz